02376nam a2200337 u 4500001000800000005001700008008004100025020001800066035001200084035002100096040001300117041000800130080000800138082000800146100003600154245003900190250001700229260003800246300001800284500006800302500015100370504005300521505057700574520068901151650004201840650003401882650002701916650003101943650003201974700003202006117581620260507134820.0091027s2000 spa  a9788485855926 a1175816 a(OCoLC)777035650 ccomduadb aspa aINV 4a33810aSala-I-Martin, Xavier4auteaut10aApuntes de crecimiento económico a2. edición aBarcelona :bAntoni Bosch,c2000. a236 páginas aGENERAL : El ejemplar de la Biblioteca Central está completo. aEl ejemplar 1 (Centro Documentación) le faltan las páginas: 141, 143, 152, 154, 160, 173, 178, 196, 198, 205, 211-212, 215, 217, 220-221, 230. aIncluye referencias bibliográficas e índice. aCONTENIDO: 1. El modelo neoclásico de crecimiento de Solow-Swan -- 2. Crecimiento endógeno y otras extensiones del modelo de Solow-Swan -- 3. Crecimiento neoclásico: el modelo de Ramsey -- 4. El crecimiento exógeno de la productividad -- 5. Modelos simples de crecimiento endógeno: el modelo AK -- 6. Gasto público y crecimiento -- 7. El aprendizaje por la práctica y el desbordamiento del conocimiento -- 8. La acumulación de capital humano -- 9. La economía de las ideas: progreso tecnológico endógeno y crecimiento -- 10. La literatura empírica.3 aRESUMEN: Estas notas pretenden poner al alcance del estudiante de economía una descripción razonada del estado actual del pensamiento económico en temas de crecimiento. Se trata de los apuntes de los cursos impartidos por el profesor Sala-i-Martín en las universidades de coumbia, Harvard, Pompeu Fabra y Yale. Por su claridad, concisión y también por su rabiosa actualidad, se ha convertido en el texto de crecimiento económico más utilizado en las universidades estadounidenses en estos últimos años. La segunda edición extiende el análisis del progreso tecnológico y capital humano e incorpora la evidencia empírica descubierta en los últimos años 7aDesarrollo económico y social2lemb 7aCrecimiento económico2lemb aCrecimiento endógeno 7aModelos económicos2lemb 7aModelos matemáticos2lemb10aVila Artadi, Elsa4trletrl